[Event "Aix Les Bains FRA"]
[Site "?"]
[Date "2006.??.??"]
[Round "8.3"]
[White "Kohi Camilla"]
[Black "Dourerassou Cynthia"]
[Result "0-1"]
[WhiteElo "1877"]
[BlackElo "1970"]
[PlyCount "76"]
[EventDate "2006.??.??"]
[Source "www.chesslib.no"]
[SourceDate "2004.05.04"]

1. e4 e5 2. Nc3 Nf6 3. f4 d5 4. fxe5 Nxe4 5. Qf3 Nc6 6. Bb5 Nxc3 7. bxc3 a6 8. Ba4 Qh4+ 9. g3 Qxa4 10. Qxd5 Be6 11. Qf3 O-O-O 12. d4 Qxc2 13. Ne2 Bd5 14. Qg4+ Kb8 15. Rf1 Bc4 16. Bg5 Bxe2 17. Qxe2 Qxc3+ 18. Kf2 Qxd4+ 19. Kg2 Re8 20. Rab1 Qxe5 21. Qxa6 Qe2+ 22. Qxe2 Rxe2+ 23. Kg1 Bc5+ 24. Kh1 f6 25. Bxf6 gxf6 26. Rxf6 Bd6 27. a4 h5 28. Rf3 h4 29. Rfb3 b6 30. Rc3 Na5 31. Kg1 hxg3 32. hxg3 Ra2 33. g4 Be5 34. Rd3 Nc6 35. g5 Bd4+ 36. Rxd4 Nxd4 37. g6 Nf3+ 38. Kf1 Rh1# 0-1

[Event "Corr"]
[Site "?"]
[Date "2001.03.29"]
[Round "?"]
[White "Hudson Shane"]
[Black "Mann Derek"]
[Result "0-1"]
[WhiteElo "1935"]
[BlackElo "1778"]
[PlyCount "68"]
[EventDate "2001.??.??"]
[Source "www.chesslib.no"]
[SourceDate "2004.05.04"]

1. e4 e5 2. Nc3 Nf6 3. f4 d5 4. fxe5 Nxe4 5. Qf3 Nxc3 6. bxc3 c5 7. Qg3 Nc6 8. Nf3 h5 9. Bb5 h4 10. Qf2 h3 11. g3 Be7 12. d3 Qa5 13. Bxc6+ bxc6 14. Bd2 O-O 15. O-O Bg4 16. c4 Qa4 17. cxd5 cxd5 18. c3 Qa6 19. d4 Rac8 20. Be3 cxd4 21. cxd4 Ba3 22. Nh4 Be2 23. Rfe1 Rc2 24. Qf5 Qc8 25. Qg5 Bd3 26. Bf2 Bb4 27. Red1 Be4 28. Rac1 Be7 29. Rxc2 Qxc2 30. Qg4 Rb8 31. e6 Rb1 32. Re1 Rxe1+ 33. Bxe1 Qc1 34. exf7+ Kf8 0-1

[Event "Morava-ch U15"]
[Site "Zlin"]
[Date "1999.??.??"]
[Round "3"]
[White "Pochyly, Jan"]
[Black "Bacak, Martin"]
[Result "1/2-1/2"]
[WhiteElo "1665"]
[BlackElo "1775"]
[PlyCount "85"]
[EventDate "1999.??.??"]
[Source "www.chesslib.no"]
[SourceDate "2004.05.04"]

1. e4 e5 2. Nc3 Nf6 3. f4 d5 4. fxe5 Nxe4 5. Qf3 Nxc3 6. bxc3 Be7 7. d4 Be6 8. Bd3 Nc6 9. Ne2 Qd7 10. Bd2 Na5 11. O-O O-O-O 12. Nf4 Bg4 13. Qg3 h5 14. h3 Be6 15. Nxe6 fxe6 16. Rf7 g5 17. Bxg5 Rdg8 18. h4 Qe8 19. Raf1 Nc6 20. Bh7 Rf8 21. Rxf8 Rxf8 22. Rxf8 Bxf8 23. Bf6 Ne7 24. Bg7 Qf7 25. Bxf8 Qxf8 26. Bd3 Kd7 27. Qg5 Qf7 28. Be2 Qf5 29. Bd3 Qf7 30. c4 dxc4 31. Bxc4 c6 32. Bd3 Kd8 33. Be4 Kd7 34. c4 b6 35. g3 a6 36. Qf4 Qxf4 37. gxf4 b5 38. cxb5 axb5 39. Kf2 Kc7 40. Ke3 Kd7 41. Kd3 Kc7 42. Bh7 Nd5 43. Ke4 1/2-1/2

[Event "Corr"]
[Site "?"]
[Date "2004.03.09"]
[Round "?"]
[White "Demiddele Kevin"]
[Black "Hill Rob"]
[Result "1/2-1/2"]
[WhiteElo "1700"]
[BlackElo "1739"]
[PlyCount "21"]
[EventDate "2004.??.??"]
[Source "www.chesslib.no"]
[SourceDate "2004.05.04"]

1. e4 e5 2. Nc3 Nf6 3. f4 d5 4. fxe5 Nxe4 5. Qf3 Nc6 6. Bb5 Nxc3 7. bxc3 Be7 8. d4 O-O 9. Bd3 f6 10. Qh5 g6 11. Bxg6 1/2-1/2

[Event "Budapest HUN"]
[Site "?"]
[Date "2006.02.13"]
[Round "9"]
[White "Merenyi Tamas"]
[Black "Kelemen Lajos"]
[Result "1-0"]
[WhiteElo "1817"]
[BlackElo "1588"]
[PlyCount "101"]
[EventDate "2006.??.??"]
[Source "www.chesslib.no"]
[SourceDate "2004.05.04"]

1. e4 e5 2. Nc3 Nf6 3. f4 d5 4. fxe5 Nxe4 5. Qf3 Nxc3 6. dxc3 Qh4+ 7. g3 Qe4+ 8. Qxe4 dxe4 9. Bg2 Bf5 10. Bf4 Nd7 11. O-O-O h6 12. e6 Nf6 13. exf7+ Kxf7 14. Ne2 Bc5 15. h3 h5 16. Bxc7 Rae8 17. Nd4 g6 18. b4 Bf8 19. Rhf1 Bc8 20. Rde1 Bh6+ 21. Bf4 Kg7 22. Bxh6+ Rxh6 23. Rf2 b6 24. Rfe2 Bb7 25. Nb5 Re6 26. c4 Rh8 27. Nc3 Rhe8 28. Kb2 g5 29. Kb3 g4 30. h4 Kg6 31. Nb5 R8e7 32. Nxa7 Kf5 33. Nb5 Kg6 34. Nc3 Kf5 35. Na4 Rd6 36. c5 bxc5 37. Nxc5 Ba8 38. Rf1+ Kg6 39. Rf4 Bd5+ 40. Kb2 Rb6 41. a3 e3 42. Bxd5 Nxd5 43. Rd4 Nc7 44. Rd3 Re5 45. Nd7 Rbe6 46. Nxe5+ Rxe5 47. Rexe3 Rf5 48. Rd6+ Rf6 49. Rxf6+ Kxf6 50. c4 Ne6 51. Rxe6+ 1-0

[Event "Finistere-chT 0102"]
[Site "?"]
[Date "2002.01.26"]
[Round "4.4"]
[White "Le Goff Damien"]
[Black "Chetail Jean Louis"]
[Result "1-0"]
[WhiteElo "1890"]
[BlackElo "1340"]
[PlyCount "71"]
[EventDate "2002.??.??"]
[Source "www.chesslib.no"]
[SourceDate "2004.05.04"]

1. e4 e5 2. Nc3 Nf6 3. f4 d5 4. fxe5 Nxe4 5. Qf3 Nxc3 6. dxc3 Be6 7. Bf4 Be7 8. O-O-O Bg5 9. Nh3 h6 10. g3 Nd7 11. Qe3 c6 12. Bxg5 hxg5 13. Nxg5 Qe7 14. Re1 d4 15. cxd4 O-O-O 16. Kb1 Bd5 17. Ne4 f5 18. Nd6+ Kb8 19. Rg1 Rxh2 20. Nxf5 Qf8 21. Qf4 Ka8 22. e6 Re8 23. e7 Qf6 24. Nd6 Rxe7 25. Rxe7 Qxe7 26. Bd3 g5 27. Nf5 gxf4 28. Nxe7 f3 29. Nxd5 cxd5 30. Rf1 f2 31. Kc1 Rg2 32. Kd2 Nf6 33. Ke2 Ng4 34. Kf3 Rg1 35. Kxg4 Rxf1 36. Bxf1 1-0

[Event "Attiki Youth Ch A16"]
[Site "?"]
[Date "2008.01.05"]
[Round "4"]
[White "Liaskos, Leonidas"]
[Black "Habesis, Panagiotis"]
[Result "1-0"]
[WhiteElo "1805"]
[BlackElo "1340"]
[PlyCount "61"]
[EventDate "2008.01.03"]
[Source "www.chesslib.no"]
[SourceDate "2004.05.04"]

1. e4 e5 2. Nc3 Nf6 3. f4 d5 4. fxe5 Nxe4 5. Qf3 Nxc3 6. dxc3 Bc5 7. Qg3 g6 8. Nf3 Bf5 9. Bg5 Be7 10. Bxe7 Qxe7 11. O-O-O c6 12. Nd4 Be4 13. Bd3 Bxd3 14. Rxd3 Nd7 15. e6 Nc5 16. exf7+ Qxf7 17. Re1+ Ne4 18. Qe5+ Kd7 19. Nb5 Qe7 20. Qc7+ Ke6 21. Rxe4+ dxe4 22. Rd6+ Kf7 23. Rd7 Rhe8 24. Rxe7+ Rxe7 25. Qf4+ Kg7 26. Nd4 Rf8 27. Qe3 c5 28. Nb3 b6 29. Nd2 Rfe8 30. b3 Rf8 31. Kb2 1-0

[Event "FRA-ch U10"]
[Site "?"]
[Date "2002.??.??"]
[Round "8.6"]
[White "Sainet Bertrand"]
[Black "Schaeffer Vincent"]
[Result "1/2-1/2"]
[WhiteElo "1340"]
[BlackElo "1630"]
[PlyCount "48"]
[EventDate "2002.??.??"]
[Source "www.chesslib.no"]
[SourceDate "2004.05.04"]

1. e4 e5 2. Nc3 Nf6 3. f4 d5 4. fxe5 Nxe4 5. Qf3 Nxc3 6. bxc3 Nc6 7. d4 Qh4+ 8. g3 Qd8 9. Bg2 Be6 10. Ne2 Ne7 11. O-O c6 12. Nf4 Bf5 13. Rf2 Be4 14. Qe2 Bxg2 15. Nxg2 Qc8 16. Nf4 g5 17. Nd3 h6 18. Rf1 Rg8 19. Qf3 Rg7 20. Qh5 Rg6 21. Qf3 Rg7 22. Qh5 Rg6 23. Qf3 Rg7 24. Qh5 Rg6 1/2-1/2

[Event "Corr"]
[Site "?"]
[Date "2001.03.24"]
[Round "?"]
[White "Slavin Pablo"]
[Black "Evenson Allen"]
[Result "1-0"]
[WhiteElo "1493"]
[BlackElo "1400"]
[PlyCount "49"]
[EventDate "2001.??.??"]
[Source "www.chesslib.no"]
[SourceDate "2004.05.04"]

1. e4 e5 2. Nc3 Nf6 3. f4 d5 4. fxe5 Nxe4 5. Qf3 f5 6. Nge2 Nc6 7. d4 Be7 8. Be3 O-O 9. Nf4 Bb4 10. Nfe2 Na5 11. a3 Bxc3+ 12. Nxc3 c6 13. Bf4 g5 14. Bg3 Nc4 15. Bxc4 dxc4 16. Nxe4 fxe4 17. Qe3 Bf5 18. h4 g4 19. O-O-O Kh8 20. Bf4 a5 21. Bg5 Qb6 22. Bf6+ Kg8 23. Qg5+ Kf7 24. Qg7+ Ke6 25. Qe7+ 1-0